000 00757cam a22002533a 4500
001 13461
003 PGUSA
005 20140828083305.0
008 040915s2004||||xxu|||||s|||||000 1 eng d
040 _aPGUSA
_beng
042 _adc
050 4 _aPR
100 1 _aCraik, Dinah Maria Mulock,
_d1826-1887
245 1 0 _aMistress and Maid :
_bA Household Story
_h[electronic resource] /
_cDinah Maria Mulock Craik
260 _bProject Gutenberg,
_c2004
506 _aPublic domain in the USA.
516 _aElectronic text
653 _aEngland -- Fiction
653 _aMaster and servant -- Fiction
653 _aHousehold employees -- Fiction
830 0 _aProject Gutenberg
_v13461
856 4 0 _uhttp://www.gutenberg.org/ebooks/13461
942 _cEB
999 _c242716
_d242716